Saber desconocer (Record no. 393)

MARC details
000 -LEADER
campo de control de longitud fija 00921nam a22001577a 4500
008 - DATOS DE LONGITUD FIJA--INFORMACIÓN GENERAL
campo de control de longitud fija 141208b xxu||||| |||| 00| 0 eng d
020 ## - NÚMERO INTERNACIONAL ESTÁNDAR DEL LIBRO
Número Internacional Estándar del Libro 97858753113
082 ## - NÚMERO DE LA CLASIFICACIÓN DECIMAL DEWEY
Número de clasificación 708
Número de ítem M538g
110 ## - ENTRADA PRINCIPAL--NOMBRE DE ENTIDAD CORPORATIVA
Nombre de entidad corporativa o nombre de jurisdicción como elemento de entrada Ministerio de Culturra, Medellín, Colombia
9 (RLIN) 1869
245 ## - MENCIÓN DEL TÍTULO
Título Saber desconocer
Resto del título Guia a lo desconocido, 43 Salon (inter) nacional de artistas, Colombia
Mención de responsabilidad, etc. Ministerio de Culturra, Medellín, Colombia
260 ## - PUBLICACIÓN, DISTRIBUCIÓN, ETC.
Lugar de publicación, distribución, etc. Medellín, Colombia
Nombre del editor, distribuidor, etc. Ministerio de Culturra, Colombia
Fecha de publicación, distribución, etc. 2013
300 ## - DESCRIPCIÓN FÍSICA
Extensión 358 p.
Dimensiones 21 cm
505 ## - NOTA DE CONTENIDO CON FORMATO
Título Artistas de la A-Z
-- El 43 Salon nacional de artistas de Medellín
-- Saber desconocer, Medellín
-- Vuelve el salon Medellin
-- Saber y desconocer en el mismo salon
-- Proyecto editorial
-- Edificio Antioquia
-- Museo de Antioquia
-- Casa del encuentro
-- Museo de arte moderno de medellin
-- Curadores
650 ## - PUNTO DE ACCESO ADICIONAL DE MATERIA--TÉRMINO DE MATERIA
Término de materia o nombre geográfico como elemento de entrada Arte Contemporaneo
Subdivisión de forma Exhibición
Subdivisión geográfica Colombia
9 (RLIN) 1870
710 ## - ENTRADA AGREGADA--NOMBRE DE ENTIDAD CORPORATIVA
Nombre de entidad corporativa o nombre de jurisdicción como elemento de entrada Ministerio de Culturra, Medellín, Colombia
9 (RLIN) 1871
Holdings
Estatus retirado Estado de pérdida Fuente del sistema de clasificación o colocación Estado de daño No para préstamo Biblioteca de origen Biblioteca actual Ubicación en estantería Fecha de adquisición Total de préstamos Signatura topográfica completa Código de barras Visto por última vez Precio de reemplazo Tipo de ítem Koha
    Clasificación Decimal Dewey     Biblioteca LadoV Biblioteca LadoV   08/12/2014   708 M538g 003961 08/12/2014 08/12/2014 Material 01